| 000 | 00746nam a2200217 a 4500 | ||
|---|---|---|---|
| 001 | 000018655 | ||
| 005 | 20200929165833.0 | ||
| 008 | 100512s1966 ag r 000 f spa d | ||
| 040 |
_aDO-SdBNP _bspa _cBNPHU |
||
| 082 |
_a833.9 _bB829t |
||
| 100 | 1 |
_aBrecht, Bertolt, _d1898-1956 _940298 |
|
| 245 | 1 | 0 |
_aTeatro Completo : _bIX tambores en la noche, en la espesura de las ciudades, Pieza didáctica de Baden-Baden / _cBertolt Brecht ; traducción León Mames. |
| 260 |
_aBuenos Aires : _bNueva Visión, _c1966. |
||
| 300 |
_a156 p. ; _c20 cm. |
||
| 490 | 1 | _aTeatro Universal | |
| 650 | 4 |
_aNovela alemana _93302 |
|
| 650 | 4 |
_aLiteratura alemana _93274 |
|
| 700 | 1 |
_aMames, León, _etr. _940299 |
|
| 830 | 0 |
_aTeatro Universal _940300 |
|
| 049 | _aBNGR | ||
| 999 |
_c18175 _d18175 |
||